000 00425nam a2200145Ia 4500
003 GCL
008 140319s9999 xx 000 0 ara d
040 _aGCL /
_cGCL
082 0 4 _aق
_b320.962
_bم ص
100 1 _aمحمد مندور
245 1 0 _aصفحات من تاريخ مصر المعاصر /
_cمحمد مندور
260 _a[S.N] :
_bدار المستقبل العربى ،
_c1993
300 _a283 ص
490 _a
999 _c52453
_d52453